01058nam0a22002291 4500001001100000005001700011021001900028035002600047100004100073101000800114102000700122105001800129200022300147210007000370215001600440606010700456606009700563712011000660801001800770801002200788852001800810rc\489028620260406165250.0 aRUb[68-29821] a(NLR Aleph) 008922147 a20130426d1967 |||y0rusy50 ca0 arus aRU ay z |||||1 aЭстонская ССР за годы Советской властиeКраткий стат. сборникfЦентр. стат. упр. при Совете Министров Эст. ССР ЦСУ. ЭССР aТаллинc[Статистика. Эст. отд-ние]d1967 a245 с.d14 aКультурное строительствоyЭстонская ССРjСтатистика2psbo aНародное хозяйствоyЭстонская ССРjСтатистика2psbo01aЭССРbЦентральное статистическое управление3RU\NLR\AUTH\889936659 0aRUbNLRgpsbo 1aRUbELAR2rusmarc aNLRj68-1/339